Agricultura y crecimiento económico en la Europa occidental moderna

Saved in:
Bibliographic Details
Main Author: Ardit Lucas, Manuel (Author)
Format: Book
Language:Spanish
Published: Madrid Síntesis 1992
Series:Historia Universal Moderna, 18
Subjects:
Tags: Add Tag
No Tags, Be the first to tag this record!

MARC

LEADER 00000nam a2200000 a 4500
001 UCK4659
003 CL-VaPUC
008 050617e19920000SP |||||||||||||||||spa|d
020 |a 8477381666 
082 0 4 |a 338.184  |b ARD  |2 21 
100 0 |a Ardit Lucas, Manuel  |e author  |9 493245 
245 1 0 |a Agricultura y crecimiento económico en la Europa occidental moderna 
300 |a 151 p 
942 |c BK 
945 |d 20050617 00:00:00  |a cmena 
260 |a Madrid  |b Síntesis  |c 1992 
650 0 |a Agricultura  |9 255598 
650 0 |a Desarrollo económico y social   |9 256320 
650 0 |a Historia moderna  |9 268036 
651 0 |a Europa  |9 255156 
583 |a last modification  |c 20050617 00:00:00  |k Rodrigo Vera 
490 0 |a Historia Universal Moderna, 18 
999 |c 313477  |d 313475 
952 |0 0  |1 0  |4 0  |6 338_184000000000000_ARD_1992  |7 0  |8 A  |9 384853  |a BIBHIS  |b BIBHIS  |d 2019-11-22  |i 4139011  |o 338.184 ARD 1992  |p 4139011  |r 2025-01-20  |w 2019-11-22  |y BK  |k HIS